[Event "ODJM B 2024"]
[Site "Willingen GER"]
[Date "2024.05.25"]
[Round "9"]
[White "Sniegowski, Richard"]
[Black "Böttcher, Tim"]
[Result "1-0"]
[Termination "normal"]
[Board "31"]
[WhiteElo "1683"]
[BlackElo "1699"]
[WhiteClock "00:50:36"]
[BlackClock "00:51:58"]
[PlyCount "101"]
[WhiteFideId "34664181"]
[BlackFideId "16278550"]
[EventCountry "GER"]
[EventRounds "9"]
[EventType "swiss"]
[EventDate "2024.05.18"]

1. e4 {[%clk 01:30:59]} {[%emt 17:37:56]} d5 {[%clk 01:30:55]} {[%emt
00:00:05]} 2. exd5 {[%clk 01:31:26]} {[%emt 00:00:03]} Qxd5 {[%clk 01:31:21]}
{[%emt 00:00:04]} 3. Nc3 {[%clk 01:31:52]} {[%emt 00:00:05]} Qd8 {[%clk
01:31:42]} {[%emt 00:00:08]} 4. d4 {[%clk 01:32:17]} {[%emt 00:00:05]} Nf6
{[%clk 01:31:34]} {[%emt 00:00:37]} 5. Nf3 {[%clk 01:32:40]} {[%emt 00:00:07]}
Bf5 {[%clk 01:29:59]} {[%emt 00:02:06]} 6. Bc4 {[%clk 01:32:57]} {[%emt
00:00:13]} c6 {[%clk 01:28:24]} {[%emt 00:02:05]} 7. Ne5 {[%clk 01:28:14]}
{[%emt 00:05:12]} e6 {[%clk 01:26:31]} {[%emt 00:02:23]} 8. g4 {[%clk
01:25:36]} {[%emt 00:03:08]} Bg6 {[%clk 01:12:43]} {[%emt 00:14:18]} 9. h4
{[%clk 01:25:50]} {[%emt 00:00:17]} Bb4 {[%clk 01:09:52]} {[%emt 00:03:21]} 10.
f3 {[%clk 01:21:47]} {[%emt 00:04:34]} Bxc2 {[%clk 01:08:14]} {[%emt 00:02:07]}
11. Qxc2 {[%clk 01:20:08]} {[%emt 00:02:09]} Qxd4 {[%clk 01:08:32]} {[%emt
00:00:12]} 12. f4 {[%clk 01:13:01]} {[%emt 00:07:36]} Nxg4 {[%clk 01:06:06]}
{[%emt 00:02:56]} 13. Nxg4 {[%clk 01:12:03]} {[%emt 00:01:28]} Qxc4 {[%clk
01:05:37]} {[%emt 00:01:00]} 14. Ne5 {[%clk 01:10:14]} {[%emt 00:02:19]} Qd4
{[%clk 01:03:29]} {[%emt 00:02:38]} 15. Qd3 {[%clk 01:07:09]} {[%emt 00:03:34]}
Bxc3+ {[%clk 01:02:43]} {[%emt 00:01:17]} 16. bxc3 {[%clk 01:07:28]} {[%emt
00:00:12]} Qxd3 {[%clk 01:03:04]} {[%emt 00:00:08]} 17. Nxd3 {[%clk 01:07:52]}
{[%emt 00:00:05]} Nd7 {[%clk 01:03:27]} {[%emt 00:00:07]} 18. Rb1 {[%clk
01:07:55]} {[%emt 00:00:27]} O-O-O {[%clk 01:03:07]} {[%emt 00:00:51]} 19. Be3
{[%clk 01:06:50]} {[%emt 00:01:35]} a6 {[%clk 01:02:06]} {[%emt 00:01:30]} 20.
Bd4 {[%clk 01:04:44]} {[%emt 00:02:36]} Rhg8 {[%clk 01:01:03]} {[%emt
00:01:33]} 21. Rh2 {[%clk 01:02:29]} {[%emt 00:02:45]} b5 {[%clk 00:56:40]}
{[%emt 00:04:53]} 22. a4 {[%clk 00:57:01]} {[%emt 00:05:59]} f6 {[%clk
00:55:11]} {[%emt 00:01:59]} 23. axb5 {[%clk 00:56:01]} {[%emt 00:01:30]} cxb5
{[%clk 00:55:34]} {[%emt 00:00:08]} 24. Ra2 {[%clk 00:56:10]} {[%emt 00:00:20]}
e5 {[%clk 00:55:33]} {[%emt 00:00:30]} 25. fxe5 {[%clk 00:54:54]} {[%emt
00:01:46]} Nxe5 {[%clk 00:55:48]} {[%emt 00:00:15]} 26. Nxe5 {[%clk 00:55:10]}
{[%emt 00:00:15]} fxe5 {[%clk 00:56:09]} {[%emt 00:00:09]} 27. Bxe5 {[%clk
00:55:35]} {[%emt 00:00:03]} Rge8 {[%clk 00:56:35]} {[%emt 00:00:05]} 28. Re2
{[%clk 00:55:49]} {[%emt 00:00:16]} g6 {[%clk 00:53:59]} {[%emt 00:03:06]} 29.
Rd1 {[%clk 00:53:32]} {[%emt 00:02:47]} Kb7 {[%clk 00:52:42]} {[%emt 00:01:47]}
30. Rxd8 {[%clk 00:52:55]} {[%emt 00:01:07]} Rxd8 {[%clk 00:53:10]} {[%emt
00:00:03]} 31. Bf6 {[%clk 00:53:14]} {[%emt 00:00:10]} Rd7 {[%clk 00:52:51]}
{[%emt 00:00:50]} 32. Re7 {[%clk 00:53:20]} {[%emt 00:00:24]} Rxe7+ {[%clk
00:52:57]} {[%emt 00:00:24]} 33. Bxe7 {[%clk 00:53:46]} {[%emt 00:00:04]} Kc6
{[%clk 00:53:23]} {[%emt 00:00:04]} 34. Kd2 {[%clk 00:54:06]} {[%emt 00:00:09]}
Kd5 {[%clk 00:53:36]} {[%emt 00:00:17]} 35. Kd3 {[%clk 00:53:38]} {[%emt
00:00:59]} a5 {[%clk 00:52:10]} {[%emt 00:01:56]} 36. Bf8 {[%clk 00:50:41]}
{[%emt 00:03:27]} a4 {[%clk 00:51:29]} {[%emt 00:01:10]} 37. Bb4 {[%clk
00:50:14]} {[%emt 00:00:57]} Ke5 {[%clk 00:51:21]} {[%emt 00:00:38]} 38. Ke3
{[%clk 00:50:34]} {[%emt 00:00:12]} Kf5 {[%clk 00:51:17]} {[%emt 00:00:32]} 39.
Kd4 {[%clk 00:49:11]} {[%emt 00:01:53]} g5 {[%clk 00:50:58]} {[%emt 00:00:49]}
40. hxg5 {[%clk 00:49:18]} {[%emt 00:00:24]} Kxg5 {[%clk 00:51:17]} 41. Kc5
{[%clk 00:49:44]} {[%emt 00:00:14]} Kf5 {[%clk 00:51:07]} {[%emt 00:00:40]} 42.
Kxb5 {[%clk 00:50:06]} {[%emt 00:00:09]} Ke6 {[%clk 00:51:17]} {[%emt
00:00:19]} 43. Kxa4 {[%clk 00:50:22]} {[%emt 00:00:14]} h5 {[%clk 00:51:19]}
{[%emt 00:00:29]} 44. Bc5 {[%clk 00:49:48]} {[%emt 00:01:03]} h4 {[%clk
00:51:29]} {[%emt 00:00:20]} 45. Bg1 {[%clk 00:50:10]} {[%emt 00:00:09]} Kd6
{[%clk 00:51:29]} {[%emt 00:00:29]} 46. Kb4 {[%clk 00:49:22]} {[%emt 00:01:19]}
Kc6 {[%clk 00:51:40]} {[%emt 00:00:19]} 47. Kc4 {[%clk 00:49:43]} {[%emt
00:00:09]} h3 {[%clk 00:51:35]} {[%emt 00:00:34]} 48. Bh2 {[%clk 00:50:00]}
{[%emt 00:00:13]} Kb6 {[%clk 00:51:34]} {[%emt 00:00:31]} 49. Kd5 {[%clk
00:50:21]} {[%emt 00:00:09]} Kb7 {[%clk 00:51:36]} {[%emt 00:00:28]} 50. c4
{[%clk 00:50:18]} {[%emt 00:00:34]} Kc8 {[%clk 00:51:58]} {[%emt 00:00:07]} 51.
Kc6 {[%clk 00:50:36]} {[%emt 00:00:13]} 1-0

[Event "ODJM B 2024"]
[Site "Willingen GER"]
[Date "2024.05.25"]
[Round "9"]
[White "Oblender, Rudi"]
[Black "Rotärmel, Leonie"]
[Result "1-0"]
[Termination "normal"]
[Board "32"]
[WhiteElo "1622"]
[BlackElo "1674"]
[WhiteClock "00:38:56"]
[BlackClock "00:03:56"]
[PlyCount "103"]
[WhiteFideId "34625089"]
[BlackFideId "16281390"]
[EventCountry "GER"]
[EventRounds "9"]
[EventType "swiss"]
[EventDate "2024.05.18"]

1. e4 {[%clk 01:30:57]} {[%emt 00:00:03]} e6 {[%clk 01:30:54]} {[%emt
00:00:07]} 2. d4 {[%clk 01:31:24]} {[%emt 00:00:03]} d5 {[%clk 01:31:22]}
{[%emt 00:00:02]} 3. Nc3 {[%clk 01:31:51]} {[%emt 00:00:03]} dxe4 {[%clk
01:31:36]} {[%emt 00:00:16]} 4. Nxe4 {[%clk 01:32:19]} {[%emt 00:00:02]} Bd7
{[%clk 01:31:38]} {[%emt 00:00:28]} 5. Nf3 {[%clk 01:32:15]} {[%emt 00:00:34]}
Bc6 {[%clk 01:32:05]} {[%emt 00:00:04]} 6. Bd3 {[%clk 01:31:29]} {[%emt
00:01:15]} Nd7 {[%clk 01:32:26]} {[%emt 00:00:09]} 7. c3 {[%clk 01:31:46]}
{[%emt 00:00:13]} Ngf6 {[%clk 01:32:51]} {[%emt 00:00:06]} 8. Nxf6+ {[%clk
01:25:24]} {[%emt 00:06:51]} Nxf6 {[%clk 01:33:08]} {[%emt 00:00:12]} 9. O-O
{[%clk 01:25:41]} {[%emt 00:00:13]} Bxf3 {[%clk 01:24:17]} {[%emt 00:09:21]}
10. Qxf3 {[%clk 01:26:02]} {[%emt 00:00:09]} c6 {[%clk 01:19:41]} {[%emt
00:05:07]} 11. Re1 {[%clk 01:20:34]} {[%emt 00:05:58]} Be7 {[%clk 01:18:04]}
{[%emt 00:02:05]} 12. Rb1 {[%clk 01:19:19]} {[%emt 00:01:46]} Qd5 {[%clk
01:17:50]} {[%emt 00:00:44]} 13. Qxd5 {[%clk 01:19:15]} {[%emt 00:00:35]} Nxd5
{[%clk 01:17:42]} {[%emt 00:00:38]} 14. a3 {[%clk 01:19:04]} {[%emt 00:00:41]}
Rd8 {[%clk 01:10:57]} {[%emt 00:07:13]} 15. Bf1 {[%clk 01:15:13]} {[%emt
00:04:23]} O-O {[%clk 01:04:46]} {[%emt 00:06:40]} 16. g3 {[%clk 01:14:34]}
{[%emt 00:01:09]} Rfe8 {[%clk 00:54:38]} {[%emt 00:10:38]} 17. Bg2 {[%clk
01:10:54]} {[%emt 00:04:10]} Bf6 {[%clk 00:46:01]} {[%emt 00:09:08]} 18. f4
{[%clk 01:02:47]} {[%emt 00:08:37]} Be7 {[%clk 00:32:37]} {[%emt 00:13:54]} 19.
Kf1 {[%clk 01:00:08]} {[%emt 00:03:08]} a5 {[%clk 00:16:37]} {[%emt 00:16:31]}
20. Bxd5 {[%clk 00:54:35]} {[%emt 00:06:03]} Rxd5 {[%clk 00:12:36]} {[%emt
00:04:31]} 21. Be3 {[%clk 00:52:56]} {[%emt 00:02:08]} Ra8 {[%clk 00:06:13]}
{[%emt 00:06:53]} 22. Red1 {[%clk 00:23:29]} {[%emt 00:29:57]} b5 {[%clk
00:02:10]} {[%emt 00:04:33]} 23. Ra1 {[%clk 00:23:25]} {[%emt 00:00:34]} a4
{[%clk 00:02:02]} {[%emt 00:00:38]} 24. Rd2 {[%clk 00:23:32]} {[%emt 00:00:23]}
c5 {[%clk 00:01:49]} {[%emt 00:00:43]} 25. dxc5 {[%clk 00:23:40]} {[%emt
00:00:22]} Rxd2 {[%clk 00:02:18]} {[%emt 00:00:01]} 26. Bxd2 {[%clk 00:24:09]}
{[%emt 00:00:02]} Bxc5 {[%clk 00:02:46]} {[%emt 00:00:01]} 27. Ke2 {[%clk
00:24:10]} {[%emt 00:00:29]} Rd8 {[%clk 00:02:29]} {[%emt 00:00:47]} 28. Be3
{[%clk 00:23:53]} {[%emt 00:00:47]} Bxe3 {[%clk 00:01:49]} {[%emt 00:01:11]}
29. Kxe3 {[%clk 00:24:21]} {[%emt 00:00:02]} Kf8 {[%clk 00:00:47]} {[%emt
00:01:32]} 30. Rc1 {[%clk 00:19:38]} {[%emt 00:05:12]} Rc8 {[%clk 00:01:01]}
{[%emt 00:00:17]} 31. Rc2 {[%clk 00:20:00]} {[%emt 00:00:08]} Ke7 {[%clk
00:01:20]} {[%emt 00:00:10]} 32. Kd4 {[%clk 00:20:21]} {[%emt 00:00:09]} Rc4+
{[%clk 00:01:41]} {[%emt 00:00:10]} 33. Ke3 {[%clk 00:19:55]} {[%emt 00:00:56]}
Kd6 {[%clk 00:01:05]} {[%emt 00:01:05]} 34. Rd2+ {[%clk 00:20:21]} {[%emt
00:00:04]} Kc7 {[%clk 00:01:09]} {[%emt 00:00:25]} 35. Rd4 {[%clk 00:20:13]}
{[%emt 00:00:39]} Rc5 {[%clk 00:00:59]} {[%emt 00:00:40]} 36. Kd3 {[%clk
00:18:49]} {[%emt 00:01:55]} Rd5 {[%clk 00:00:48]} {[%emt 00:00:41]} 37. c4
{[%clk 00:17:34]} {[%emt 00:01:45]} Rxd4+ {[%clk 00:00:51]} {[%emt 00:00:27]}
38. Kxd4 {[%clk 00:18:02]} {[%emt 00:00:01]} Kc6 {[%clk 00:01:09]} {[%emt
00:00:12]} 39. cxb5+ {[%clk 00:16:18]} {[%emt 00:02:14]} Kxb5 {[%clk 00:01:32]}
{[%emt 00:00:07]} 40. Kc3 {[%clk 00:16:29]} {[%emt 00:00:20]} f6 {[%clk
00:01:30]} {[%emt 00:00:32]} 41. b4 {[%clk 00:16:11]} {[%emt 00:00:47]} axb3
{[%clk 00:19:54]} {[%emt 00:12:06]} 42. Kxb3 {[%clk 00:46:16]} {[%emt
00:00:26]} e5 {[%clk 00:14:31]} {[%emt 00:05:52]} 43. fxe5 {[%clk 00:43:24]}
{[%emt 00:03:22]} fxe5 {[%clk 00:14:47]} {[%emt 00:00:14]} 44. Kc3 {[%clk
00:43:00]} {[%emt 00:00:54]} Ka4 {[%clk 00:13:24]} {[%emt 00:01:53]} 45. Kd3
{[%clk 00:41:36]} {[%emt 00:01:55]} Kxa3 {[%clk 00:12:50]} {[%emt 00:01:04]}
46. Ke4 {[%clk 00:39:31]} {[%emt 00:02:34]} Kb3 {[%clk 00:12:52]} {[%emt
00:00:27]} 47. Kxe5 {[%clk 00:39:54]} {[%emt 00:00:08]} Kc4 {[%clk 00:12:57]}
{[%emt 00:00:25]} 48. Ke6 {[%clk 00:39:46]} {[%emt 00:00:38]} Kd4 {[%clk
00:12:52]} {[%emt 00:00:35]} 49. Kf7 {[%clk 00:38:57]} {[%emt 00:01:19]} g5
{[%clk 00:06:54]} {[%emt 00:06:27]} 50. Kg7 {[%clk 00:38:42]} {[%emt 00:00:45]}
Ke4 {[%clk 00:05:30]} {[%emt 00:01:55]} 51. Kxh7 {[%clk 00:39:06]} {[%emt
00:00:07]} g4 {[%clk 00:03:56]} {[%emt 00:02:04]} 52. Kg6 {[%clk 00:38:56]}
{[%emt 00:00:39]} 1-0

[Event "ODJM B 2024"]
[Site "Willingen GER"]
[Date "2024.05.25"]
[Round "9"]
[White "Schmidt, Jan"]
[Black "Reuter, Max"]
[Result "1/2-1/2"]
[Termination "normal"]
[Board "33"]
[WhiteElo "1663"]
[BlackElo "1712"]
[WhiteClock "00:42:26"]
[BlackClock "00:33:09"]
[PlyCount "43"]
[WhiteFideId "34625682"]
[BlackFideId "16263715"]
[EventCountry "GER"]
[EventRounds "9"]
[EventType "swiss"]
[EventDate "2024.05.18"]

1. d4 {[%clk 01:30:57]} {[%emt 00:00:02]} d5 {[%clk 01:30:51]} {[%emt
00:00:09]} 2. c4 {[%clk 01:31:05]} {[%emt 00:00:22]} e6 {[%clk 01:30:57]}
{[%emt 00:00:24]} 3. Nf3 {[%clk 01:31:11]} {[%emt 00:00:24]} Nf6 {[%clk
01:30:54]} {[%emt 00:00:34]} 4. e3 {[%clk 01:31:25]} {[%emt 00:00:16]} b6
{[%clk 01:30:13]} {[%emt 00:01:11]} 5. b3 {[%clk 01:30:43]} {[%emt 00:01:11]}
Bb7 {[%clk 01:30:28]} {[%emt 00:00:15]} 6. Be2 {[%clk 01:30:26]} {[%emt
00:00:46]} Nbd7 {[%clk 01:30:31]} {[%emt 00:00:28]} 7. O-O {[%clk 01:30:33]}
{[%emt 00:00:23]} c6 {[%clk 01:24:55]} {[%emt 00:06:06]} 8. Nc3 {[%clk
01:25:47]} {[%emt 00:05:15]} Be7 {[%clk 01:19:08]} {[%emt 00:06:18]} 9. Qc2
{[%clk 01:23:19]} {[%emt 00:02:58]} c5 {[%clk 01:16:37]} {[%emt 00:03:02]} 10.
Bd3 {[%clk 01:17:45]} {[%emt 00:06:05]} Rc8 {[%clk 01:15:56]} {[%emt 00:01:11]}
11. cxd5 {[%clk 01:12:34]} {[%emt 00:05:40]} exd5 {[%clk 01:06:28]} {[%emt
00:09:58]} 12. Bb2 {[%clk 01:05:44]} {[%emt 00:07:20]} O-O {[%clk 01:00:30]}
{[%emt 00:06:24]} 13. Ne5 {[%clk 01:01:47]} {[%emt 00:04:30]} h6 {[%clk
00:55:51]} {[%emt 00:05:09]} 14. Bf5 {[%clk 00:57:13]} {[%emt 00:05:05]} a6
{[%clk 00:50:58]} {[%emt 00:05:24]} 15. Nxd7 {[%clk 00:55:27]} {[%emt
00:02:15]} Nxd7 {[%clk 00:49:38]} {[%emt 00:01:49]} 16. Qe2 {[%clk 00:53:43]}
{[%emt 00:02:15]} g6 {[%clk 00:48:47]} {[%emt 00:01:20]} 17. Bd3 {[%clk
00:53:03]} {[%emt 00:01:08]} cxd4 {[%clk 00:46:27]} {[%emt 00:02:52]} 18. exd4
{[%clk 00:53:09]} {[%emt 00:00:24]} b5 {[%clk 00:40:55]} {[%emt 00:06:03]} 19.
Qf3 {[%clk 00:51:24]} {[%emt 00:02:14]} Nf6 {[%clk 00:38:14]} {[%emt 00:03:12]}
20. Rac1 {[%clk 00:47:28]} {[%emt 00:04:26]} Nh7 {[%clk 00:37:11]} {[%emt
00:01:33]} 21. Rfe1 {[%clk 00:44:35]} {[%emt 00:03:23]} Re8 {[%clk 00:33:09]}
{[%emt 00:04:32]} 22. h3 {[%clk 00:42:26]} {[%emt 00:02:38]} 1/2-1/2

[Event "ODJM B 2024"]
[Site "Willingen GER"]
[Date "2024.05.25"]
[Round "9"]
[White "Duchstein, Anna"]
[Black "Grunert, Heinrich"]
[Result "1-0"]
[Termination "normal"]
[Board "35"]
[WhiteElo "1715"]
[BlackElo "1668"]
[WhiteClock "00:51:34"]
[BlackClock "00:42:55"]
[PlyCount "48"]
[WhiteFideId "16261372"]
[BlackFideId "16213416"]
[EventCountry "GER"]
[EventRounds "9"]
[EventType "swiss"]
[EventDate "2024.05.18"]

1. d4 {[%clk 01:30:58]} d5 {[%clk 01:30:54]} {[%emt 00:00:06]} 2. e3 {[%clk
01:31:23]} {[%emt 00:00:06]} Nf6 {[%clk 01:30:22]} {[%emt 00:01:03]} 3. Bd3
{[%clk 01:30:19]} {[%emt 00:01:33]} e6 {[%clk 01:30:25]} {[%emt 00:00:27]} 4.
f4 {[%clk 01:29:03]} {[%emt 00:01:46]} c5 {[%clk 01:28:24]} {[%emt 00:02:31]}
5. c3 {[%clk 01:28:51]} {[%emt 00:00:42]} Nc6 {[%clk 01:27:42]} {[%emt
00:01:12]} 6. Nd2 {[%clk 01:26:27]} {[%emt 00:02:54]} b6 {[%clk 01:24:07]}
{[%emt 00:04:05]} 7. Ngf3 {[%clk 01:24:51]} {[%emt 00:02:05]} Bb7 {[%clk
01:23:16]} {[%emt 00:01:22]} 8. O-O {[%clk 01:24:12]} {[%emt 00:01:09]} cxd4
{[%clk 01:19:21]} {[%emt 00:04:25]} 9. exd4 {[%clk 01:21:48]} {[%emt 00:02:54]}
Be7 {[%clk 01:13:20]} {[%emt 00:06:31]} 10. Ne5 {[%clk 01:19:00]} {[%emt
00:03:17]} O-O {[%clk 01:13:08]} {[%emt 00:00:43]} 11. Rf3 {[%clk 01:14:13]}
{[%emt 00:05:17]} h6 {[%clk 01:09:14]} {[%emt 00:04:24]} 12. Rh3 {[%clk
01:11:12]} {[%emt 00:03:31]} Nxe5 {[%clk 01:07:34]} {[%emt 00:02:10]} 13. fxe5
{[%clk 01:10:42]} {[%emt 00:01:00]} Ne4 {[%clk 01:06:30]} {[%emt 00:01:34]} 14.
Qg4 {[%clk 01:05:15]} {[%emt 00:05:57]} Ng5 {[%clk 01:04:15]} {[%emt 00:02:45]}
15. Rg3 {[%clk 01:03:01]} {[%emt 00:02:43]} f5 {[%clk 01:02:54]} {[%emt
00:01:51]} 16. exf6 {[%clk 01:00:46]} {[%emt 00:02:46]} Bxf6 {[%clk 01:00:25]}
{[%emt 00:03:00]} 17. Nf3 {[%clk 00:58:25]} {[%emt 00:02:49]} Nxf3+ {[%clk
00:54:44]} {[%emt 00:06:12]} 18. Rxf3 {[%clk 00:58:36]} {[%emt 00:00:19]} Kf7
{[%clk 00:51:36]} {[%emt 00:03:38]} 19. b3 {[%clk 00:54:15]} {[%emt 00:04:51]}
Ke7 {[%clk 00:43:04]} {[%emt 00:09:02]} 20. Ba3+ {[%clk 00:53:17]} {[%emt
00:01:29]} Kd7 {[%clk 00:43:23]} {[%emt 00:00:10]} 21. Bb5+ {[%clk 00:52:28]}
{[%emt 00:01:19]} Bc6 {[%clk 00:41:57]} {[%emt 00:01:57]} 22. Bxc6+ {[%clk
00:52:21]} {[%emt 00:00:36]} Kxc6 {[%clk 00:42:19]} {[%emt 00:00:08]} 23. Qxe6+
{[%clk 00:51:56]} {[%emt 00:00:55]} Kb7 {[%clk 00:42:30]} {[%emt 00:00:18]} 24.
Bxf8 {[%clk 00:51:34]} {[%emt 00:00:52]} Qxf8 {[%clk 00:42:55]} {[%emt
00:00:05]} 1-0

[Event "ODJM B 2024"]
[Site "Willingen GER"]
[Date "2024.05.25"]
[Round "9"]
[White "Meijers, Jaroslav"]
[Black "Türel, Tugce"]
[Result "1-0"]
[Termination "normal"]
[Board "36"]
[WhiteElo "1704"]
[BlackElo "1582"]
[WhiteClock "00:07:27"]
[BlackClock "00:18:40"]
[PlyCount "65"]
[WhiteFideId "34143297"]
[BlackFideId "26350602"]
[EventCountry "GER"]
[EventRounds "9"]
[EventType "swiss"]
[EventDate "2024.05.18"]

1. d4 {[%clk 01:30:56]} {[%emt 00:00:04]} d5 {[%clk 01:30:51]} {[%emt
00:00:10]} 2. c4 {[%clk 01:31:15]} {[%emt 00:00:11]} e6 {[%clk 01:31:05]}
{[%emt 00:00:16]} 3. Nc3 {[%clk 01:31:39]} {[%emt 00:00:06]} Nf6 {[%clk
01:31:25]} {[%emt 00:00:10]} 4. cxd5 {[%clk 01:32:02]} {[%emt 00:00:06]} exd5
{[%clk 01:31:23]} {[%emt 00:00:32]} 5. Bg5 {[%clk 01:32:26]} {[%emt 00:00:06]}
Be7 {[%clk 01:30:21]} {[%emt 00:01:33]} 6. e3 {[%clk 01:32:28]} {[%emt
00:00:28]} c6 {[%clk 01:30:31]} {[%emt 00:00:19]} 7. Bd3 {[%clk 01:32:34]}
{[%emt 00:00:24]} Nbd7 {[%clk 01:29:27]} {[%emt 00:01:34]} 8. Qc2 {[%clk
01:32:01]} {[%emt 00:01:03]} h6 {[%clk 01:28:36]} {[%emt 00:01:22]} 9. Bh4
{[%clk 01:29:33]} {[%emt 00:02:58]} Nf8 {[%clk 01:22:13]} {[%emt 00:06:53]} 10.
Nf3 {[%clk 01:24:27]} {[%emt 00:05:37]} Ne6 {[%clk 01:17:48]} {[%emt 00:04:54]}
11. Ne5 {[%clk 01:14:24]} {[%emt 00:10:32]} Nd7 {[%clk 01:12:45]} {[%emt
00:05:33]} 12. Bxe7 {[%clk 01:13:42]} {[%emt 00:01:13]} Qxe7 {[%clk 01:13:05]}
{[%emt 00:00:10]} 13. f4 {[%clk 01:11:43]} {[%emt 00:02:29]} Nxe5 {[%clk
01:07:55]} {[%emt 00:05:39]} 14. dxe5 {[%clk 00:58:52]} {[%emt 00:13:21]} Nc5
{[%clk 01:06:21]} {[%emt 00:02:06]} 15. O-O {[%clk 00:54:09]} {[%emt 00:05:12]}
Nxd3 {[%clk 01:06:14]} {[%emt 00:00:36]} 16. Qxd3 {[%clk 00:54:33]} {[%emt
00:00:06]} Qe6 {[%clk 01:02:40]} {[%emt 00:04:03]} 17. Rae1 {[%clk 00:50:57]}
{[%emt 00:04:07]} Bd7 {[%clk 01:00:01]} {[%emt 00:03:10]} 18. e4 {[%clk
00:45:06]} {[%emt 00:06:20]} dxe4 {[%clk 00:59:55]} {[%emt 00:00:36]} 19. Nxe4
{[%clk 00:42:14]} {[%emt 00:03:22]} O-O {[%clk 00:53:27]} {[%emt 00:06:58]} 20.
Nc5 {[%clk 00:39:42]} {[%emt 00:03:02]} Qxa2 {[%clk 00:52:10]} {[%emt
00:01:48]} 21. Qxd7 {[%clk 00:26:24]} {[%emt 00:13:47]} Qxb2 {[%clk 00:45:54]}
{[%emt 00:06:47]} 22. Nxb7 {[%clk 00:24:20]} {[%emt 00:02:34]} Rab8 {[%clk
00:35:04]} {[%emt 00:11:18]} 23. Nd6 {[%clk 00:22:44]} {[%emt 00:02:08]} Qd4+
{[%clk 00:34:43]} {[%emt 00:00:51]} 24. Kh1 {[%clk 00:23:00]} {[%emt 00:00:14]}
Qa4 {[%clk 00:32:14]} {[%emt 00:02:59]} 25. f5 {[%clk 00:16:07]} {[%emt
00:07:22]} Rb2 {[%clk 00:27:24]} {[%emt 00:05:20]} 26. e6 {[%clk 00:13:22]}
{[%emt 00:03:15]} Qc2 {[%clk 00:25:43]} {[%emt 00:02:11]} 27. Qxf7+ {[%clk
00:09:07]} {[%emt 00:04:45]} Rxf7 {[%clk 00:25:06]} {[%emt 00:01:07]} 28. exf7+
{[%clk 00:09:31]} {[%emt 00:00:06]} Kh7 {[%clk 00:25:20]} {[%emt 00:00:15]} 29.
Rg1 {[%clk 00:09:36]} {[%emt 00:00:26]} Qc3 {[%clk 00:18:35]} {[%emt 00:07:13]}
30. f8=Q {[%clk 00:08:30]} {[%emt 00:01:37]} Rxg2 {[%clk 00:18:17]} {[%emt
00:00:49]} 31. Kxg2 {[%clk 00:07:49]} {[%emt 00:01:11]} Qd2+ {[%clk 00:18:19]}
{[%emt 00:00:28]} 32. Kh1 {[%clk 00:07:27]} {[%emt 00:00:52]} Qd5+ {[%clk
00:18:40]} {[%emt 00:00:10]} 33. Ne4 {[%emt 00:00:38]} 1-0